| 000 | 00393nam a2200145Ia 4500 | ||
|---|---|---|---|
| 008 | 230711s9999||||xx |||||||||||||| ||und|| | ||
| 041 | _aENG | ||
| 082 |
_a621.3 _bTZ-D |
||
| 100 | _aTzajestas ,SG | ||
| 245 | 0 | _aDigital techniques in simulation communication and control | |
| 250 | _a1st | ||
| 260 |
_c1985 _aNew Delhi _bNorth Hall & Publisher |
||
| 650 | _aElectrical Engineering | ||
| 942 | _cBK | ||
| 999 |
_c1714 _d1714 |
||